[Event "Vecindario Montalvo Memorial 15th"]
[Site "Vecindario"]
[Date "2023.04.05"]
[Round "5"]
[White "Vlajkov, Milenko"]
[Black "Marrero Lopez, Agustin"]
[Result "0-1"]
[WhiteElo "1530"]
[BlackElo "1791"]
[PlyCount "68"]
[EventDate "2023.04.02"]
[EventType "swiss"]
[EventRounds "9"]
[EventCountry "ESP"]
[SourceTitle "CBM 213 Extra"]
[Source "ChessBase"]
[SourceDate "2023.05.31"]
[SourceVersion "1"]
[SourceVersionDate "2023.05.31"]
[SourceQuality "1"]

1. e4 e5 2. f4 exf4 3. Nf3 d6 4. d4 g6 5. Bxf4 Bg7 6. c3 Ne7 7. Qd2 Nbc6 8. Bh6 0-0 9. Bxg7 Kxg7 10. Bc4 d5 11. exd5 Nxd5 12. 0-0 Qd6 13. Qg5 Be6 14. Nh4 f6 15. Qd2 Rae8 16. Nf3 Bg4 17. Na3 Ne3 18. Rf2 a6 19. Re1 Nxc4 20. Nxc4 Qd8 21. d5 Bxf3 22. gxf3 Rxe1+ 23. Qxe1 Qxd5 24. b3 Rf7 25. Rd2 Qxf3 26. Rf2 Qh3 27. Rg2 Re7 28. Qd2 Rd7 29. Qe1 Qh5 30. Nb2 Ne5 31. Kh1 Qf3 32. Qe2 Qxc3 33. Rg3 Qc6+ 34. Kg1 Qc1+ 0-1

[Event "Vecindario Montalvo Memorial 15th"]
[Site "Vecindario"]
[Date "2023.04.03"]
[Round "3"]
[White "Vlajkov, Milenko"]
[Black "Ramos Santana, Marcelino"]
[Result "0-1"]
[WhiteElo "1530"]
[BlackElo "1869"]
[PlyCount "68"]
[EventDate "2023.04.02"]
[EventType "swiss"]
[EventRounds "9"]
[EventCountry "ESP"]
[SourceTitle "CBM 213 Extra"]
[Source "ChessBase"]
[SourceDate "2023.05.31"]
[SourceVersion "1"]
[SourceVersionDate "2023.05.31"]
[SourceQuality "1"]

1. e4 c5 2. Nf3 Nc6 3. d4 cxd4 4. Nxd4 g6 5. c3 Bg7 6. Bc4 d6 7. 0-0 Nf6 8. f3 0-0 9. Bg5 Bd7 10. Qd2 Rc8 11. a3 Qb6 12. Be3 Qc7 13. Qd1 Nxd4 14. Ba2 Nc6 15. Nd2 a6 16. Rc1 Ne5 17. Qe2 b5 18. b3 Be6 19. c4 bxc4 20. bxc4 Nfd7 21. h3 Nc5 22. Bb1 Rb8 23. f4 Nc6 24. f5 Bd7 25. Qf2 Ne5 26. Qe2 Bc6 27. Bxc5 dxc5 28. Nf3 Nxf3+ 29. Qxf3 Qe5 30. Qg4 Rb3 31. fxg6 hxg6 32. Rf3 Rxf3 33. Qxf3 Bd7 34. Rd1 Be6 0-1

[Event "Wch Seniors 65 28th"]
[Site "Bled"]
[Date "2018.11.25"]
[Round "7"]
[White "Vlajkov, Milenko"]
[Black "Goncharov, Viktor1"]
[Result "0-1"]
[WhiteElo "1530"]
[BlackElo "2048"]
[PlyCount "70"]
[EventDate "2018.11.18"]
[EventType "swiss"]
[EventRounds "11"]
[EventCountry "SLO"]
[SourceTitle "CBM 187 Extra"]
[Source "ChessBase"]
[SourceDate "2018.11.04"]
[SourceVersion "1"]
[SourceVersionDate "2018.11.04"]
[SourceQuality "1"]

1. e4 e5 2. f4 exf4 3. Nf3 h6 4. d4 g5 5. h4 Bg7 6. Nc3 d6 7. hxg5 hxg5 8. Rxh8 Bxh8 9. Bc4 c6 10. Qe2 Bg4 11. e5 d5 12. Bd3 Be6 13. Bd2 Nh6 14. 0-0-0 Nf5 15. Bxf5 Bxf5 16. g3 g4 17. Nh4 f3 18. Qe3 Be6 19. Qh6 Kd7 20. Rh1 Na6 21. a3 Qg8 22. Nd1 c5 23. c3 b5 24. Ne3 b4 25. Kc2 Bg7 26. Qg5 bxc3 27. Bxc3 cxd4 28. Bxd4 Qh8 29. Qf4 Rc8+ 30. Kb1 Qh7+ 31. Ka1 Qe4 32. Nhf5 Nb8 33. Nd6 Qxf4 34. gxf4 Nc6 35. Nxc8 Nxd4 0-1

[Event "Las Palmas Montalvo Memorial 11th"]
[Site "Las Palmas"]
[Date "2018.03.24"]
[Round "1"]
[White "Cruz Pino, Adrian"]
[Black "Vlajkov, Milenko"]
[Result "1-0"]
[WhiteElo "2148"]
[BlackElo "1556"]
[PlyCount "85"]
[EventDate "2018.03.24"]
[EventType "swiss"]
[EventRounds "9"]
[EventCountry "ESP"]
[SourceTitle "CBM 183 Extra"]
[Source "ChessBase"]
[SourceDate "2018.04.19"]
[SourceVersion "1"]
[SourceVersionDate "2018.04.19"]
[SourceQuality "1"]

1. d4 d5 2. Nf3 Nf6 3. a3 g6 4. e3 Bg7 5. Bd3 Nbd7 6. 0-0 c5 7. c3 c4 8. Be2 0-0 9. Nbd2 Re8 10. Re1 e5 11. dxe5 Nxe5 12. e4 Nd3 13. Bxd3 cxd3 14. exd5 Qxd5 15. Rxe8+ Nxe8 16. Nf1 Bg4 17. Ne3 Bxf3 18. Qxf3 Qxf3 19. gxf3 Rd8 20. Bd2 f5 21. Rd1 Bh6 22. c4 Nc7 23. Nd5 Nxd5 24. Bxh6 Nf6 25. b4 Kf7 26. Kf1 Ke6 27. Ke1 Ke5 28. Kd2 Kd4 29. Rc1 Rc8 30. Be3+ Ke5 31. Kxd3 f4 32. Bd4+ Kf5 33. Re1 Re8 34. Rxe8 Nxe8 35. Bxa7 Nd6 36. Bb8 Nf7 37. b5 Ng5 38. c5 Ne6 39. c6 bxc6 40. bxc6 Nc5+ 41. Kc4 Na6 42. Ba7 Ke6 43. Kb5 1-0

[Event "Oslo op"]
[Site "Fornebu"]
[Date "2016.09.30"]
[Round "3"]
[White "Valvag, Torbjorn"]
[Black "Vlajkov, Milenko"]
[Result "0-1"]
[WhiteElo "1448"]
[BlackElo "1587"]
[PlyCount "40"]
[EventDate "2016.09.30"]
[EventType "swiss"]
[EventRounds "9"]
[EventCountry "NOR"]
[SourceTitle "EXT 2018"]
[Source "ChessBase"]
[SourceDate "2017.10.13"]
[SourceVersion "1"]
[SourceVersionDate "2017.10.13"]
[SourceQuality "1"]

1. e4 e5 2. Nf3 Nc6 3. Bc4 Nf6 4. d3 Bc5 5. c3 0-0 6. Nbd2 a6 7. Bb3 d6 8. h3 Qe7 9. 0-0 Kh8 10. Re1 Nh5 11. Nf1 f5 12. Ne3 fxe4 13. dxe4 Nf6 14. Nd5 Nxd5 15. Qxd5 Bxh3 16. Re2 Rxf3 17. gxf3 Qf6 18. Qf7 Qh4 19. Be3 Bxe3 20. Rxe3 Qg5+ 0-1

[Event "Las Palmas Montalvo Memorial 9th"]
[Site "Las Palmas"]
[Date "2016.03.23"]
[Round "3"]
[White "Sanchez Quintero, Raul"]
[Black "Vlajkov, Milenko"]
[Result "1-0"]
[WhiteElo "1965"]
[BlackElo "1631"]
[PlyCount "66"]
[EventDate "2016.03.21"]
[EventType "swiss"]
[EventRounds "9"]
[EventCountry "ESP"]
[SourceTitle "CBM 171 Extra"]
[Source "ChessBase"]
[SourceDate "2016.04.26"]
[SourceVersion "1"]
[SourceVersionDate "2016.04.26"]
[SourceQuality "1"]

1. e4 c5 2. Nf3 Nc6 3. g3 d6 4. Bg2 g6 5. 0-0 Bg7 6. Re1 Bg4 7. h3 Bxf3 8. Qxf3 Nf6 9. Qb3 Nd4 10. Qd3 0-0 11. c3 Nc6 12. a4 a6 13. Na3 Ne5 14. Qe2 Qc7 15. d3 b5 16. axb5 axb5 17. Nxb5 Qb6 18. Rxa8 Rxa8 19. Na3 Qa6 20. Nc4 Nxc4 21. dxc4 Rd8 22. e5 dxe5 23. Qxe5 Qa7 24. Qe2 e6 25. Be3 Qc7 26. Bf4 Qe7 27. Be5 Nd7 28. Bxg7 Kxg7 29. Ra1 Nb6 30. Ra5 Qd6 31. Ra6 Qd1+ 32. Bf1 Qxe2 33. Bxe2 Kf6 1-0

[Event "Las Palmas Montalvo Memorial 9th"]
[Site "Las Palmas"]
[Date "2016.03.21"]
[Round "1"]
[White "Vega Gutierrez, Sabrina Neide"]
[Black "Vlajkov, Milenko"]
[Result "1-0"]
[WhiteElo "2379"]
[BlackElo "1631"]
[PlyCount "39"]
[EventDate "2016.03.21"]
[EventType "swiss"]
[EventRounds "9"]
[EventCountry "ESP"]
[SourceTitle "CBM 171 Extra"]
[Source "ChessBase"]
[SourceDate "2016.04.26"]
[SourceVersion "1"]
[SourceVersionDate "2016.04.26"]
[SourceQuality "1"]

1. e4 c5 2. Nf3 Nc6 3. d4 cxd4 4. Nxd4 Nf6 5. Nc3 a6 6. Nxc6 bxc6 7. e5 Ng8 8. Bc4 e6 9. 0-0 d5 10. exd6 Bxd6 11. Qf3 Bxh2+ 12. Kxh2 Qh4+ 13. Kg1 Qxc4 14. b3 Qc5 15. Ba3 Qb6 16. Ne4 f6 17. Nd6+ Kd7 18. Rad1 Kc7 19. Qg3 e5 20. Qxg7+ 1-0

[Event "Nova Gorica op 21st"]
[Site "Nova Gorica"]
[Date "2016.02.01"]
[Round "6"]
[White "Vukovic, Igor"]
[Black "Vlajkov, Milenko"]
[Result "1/2-1/2"]
[WhiteElo "1805"]
[BlackElo "1633"]
[PlyCount "120"]
[EventDate "2016.01.29"]
[EventType "swiss"]
[EventRounds "9"]
[EventCountry "SLO"]
[SourceTitle "CBM 170 Extra"]
[Source "ChessBase"]
[SourceDate "2016.02.25"]
[SourceVersion "1"]
[SourceVersionDate "2016.02.25"]
[SourceQuality "1"]

1. e4 c5 2. d4 cxd4 3. c3 dxc3 4. Nxc3 Nc6 5. Nf3 d6 6. Bc4 e6 7. Qe2 Be7 8. 0-0 Nf6 9. Rd1 Bd7 10. Nb5 Ne5 11. Nxd6+ Bxd6 12. Rxd6 Qc7 13. Rd4 Nxf3+ 14. gxf3 e5 15. Rd1 0-0 16. Be3 Rad8 17. Rac1 Qb8 18. Bc5 Rfe8 19. Bd6 Qa8 20. Bb5 a6 21. Bxd7 Rxd7 22. Bc7 b5 23. Rxd7 Nxd7 24. Qd2 Nf6 25. Qc3 Nd7 26. Bd6 f6 27. Qb3+ Kh8 28. Qf7 Rc8 29. Rc3 Rxc3 30. bxc3 Qc8 31. Qe6 Nb6 32. Qxc8+ Nxc8 33. Bc7 Kg8 34. f4 exf4 35. Bxf4 Kf7 36. Kf1 Ke6 37. Ke2 Ne7 38. Kd3 Nc6 39. c4 g5 40. cxb5 axb5 41. Bd2 Ne5+ 42. Ke2 h5 43. f4 Nc4 44. Bc1 g4 45. h3 Nd6 46. hxg4 hxg4 47. Ke3 f5 48. exf5+ Nxf5+ 49. Ke4 g3 50. Kf3 Kd5 51. Be3 Nxe3 52. Kxe3 g2 53. Kf2 Ke4 54. f5 g1Q+ 55. Kxg1 Kxf5 56. Kf2 Ke4 57. Ke2 Kd4 58. Kd2 Kc4 59. Kc2 Kb4 60. Kb2 Ka4 1/2-1/2

[Event "Nova Gorica op 21st"]
[Site "Nova Gorica"]
[Date "2016.01.31"]
[Round "5"]
[White "Vlajkov, Milenko"]
[Black "Laco, Igor"]
[Result "1-0"]
[WhiteElo "1633"]
[BlackElo "1569"]
[PlyCount "53"]
[EventDate "2016.01.29"]
[EventType "swiss"]
[EventRounds "9"]
[EventCountry "SLO"]
[SourceTitle "CBM 170 Extra"]
[Source "ChessBase"]
[SourceDate "2016.02.25"]
[SourceVersion "1"]
[SourceVersionDate "2016.02.25"]
[SourceQuality "1"]

1. e4 e5 2. f4 d5 3. exd5 e4 4. c4 Bc5 5. d4 exd3 6. Bxd3 Bxg1 7. Qe2+ Qe7 8. Rxg1 Qxe2+ 9. Bxe2 Nf6 10. Nc3 a6 11. Kf2 Nbd7 12. Re1 0-0 13. Bf3 Nc5 14. Re7 Nd3+ 15. Ke3 Nxc1 16. Rxc7 Nxa2 17. Rxa2 Bg4 18. Rxb7 Bxf3 19. Kxf3 Rfc8 20. b4 Ne8 21. Ne4 f5 22. Ng5 Rcb8 23. Rxb8 Rxb8 24. Ra3 h6 25. Ne6 a5 26. Nd4 Nd6 27. Rxa5 1-0

[Event "Nova Gorica op 21st"]
[Site "Nova Gorica"]
[Date "2016.01.29"]
[Round "1"]
[White "Vlajkov, Milenko"]
[Black "Kersic, Matej"]
[Result "0-1"]
[WhiteElo "1633"]
[BlackElo "2120"]
[PlyCount "54"]
[EventDate "2016.01.29"]
[EventType "swiss"]
[EventRounds "9"]
[EventCountry "SLO"]
[SourceTitle "CBM 170 Extra"]
[Source "ChessBase"]
[SourceDate "2016.02.25"]
[SourceVersion "1"]
[SourceVersionDate "2016.02.25"]
[SourceQuality "1"]

1. e4 c5 2. f4 d5 3. exd5 Qxd5 4. Nc3 Qd8 5. Nf3 Nf6 6. Bc4 e6 7. 0-0 Be7 8. d3 0-0 9. Ne5 a6 10. Qf3 Qc7 11. Be3 Nbd7 12. Ng4 Nxg4 13. Qxg4 b5 14. Bxe6 Nf6 15. Bxc8 Nxg4 16. Bxg4 Rad8 17. f5 Bf6 18. Bf4 Qa5 19. Bd2 b4 20. Nd1 c4 21. a3 cxd3 22. Bxb4 Qb6+ 23. Kh1 dxc2 24. Nc3 Rfe8 25. Rac1 a5 26. Na4 Qb5 27. Nc3 Qe5 0-1